000 00659nam a2200277Ia 4500
005 20260324124652.0
008 008 260324s9999 xx 000 0 eng d
020 _a9780203835258
037 _aEBOOK
040 _aCRL
040 _beng
040 _cCRL
041 _2eng
041 _aeng
084 _qCRL
100 _aPhilip Goff; Nikk Effingham; Helen Beebee
_91175049
245 0 _aMetaphysics: The Key Concepts
260 _bTaylor and Francis
260 _c2010
365 _a
365 _b180
856 _uhttp://www.taylorfrancis.com/books/9780203835258
942 _cEBOOK
999 _c1769618
_d1769618